Dočasné učebné dokumenty študijných odborov študijný odbor polygrafický priemysel

Podrobná bibliografia
Médium: Kniha
Jazyk:slovenčina
Fyzický popis:27 s. 29 cm
Vydavateľské údaje: Bratislava Alfa 1979
Vydanie:1. vyd.
Predmet:

MARC

LEADER 00000cam a2200000 a 4500
001 vtls001107319
003 SK-MaSNL
005 20260302031025.0
008 250313s1979 xo f 000 0 slo
015 |a SNBA1980 
035 |a SNK000050161 
035 |a urn:nbn:sk:snk-amjtyk 
035 |a urn:nbn:sk:snk-am007y51 
035 |a 0A1C47D5-4312-41E7-A707-2D4B1231060F 
040 |a SNK  |b slo  |c SNK  |e AACR2 
041 0 |a slo 
044 |a xo  |c SK 
080 |a 655.1/.3:377.35(073)  |2 1981 
080 |a 377.35(073)  |2 1981 
080 |a 377.35  |2 1981 
080 |a 655.1/.3(073)  |2 1981 
080 |a 371.214.112  |2 1981 
080 |a 655.1/.3  |2 1981 
245 0 0 |a Dočasné učebné dokumenty študijných odborov  |b študijný odbor polygrafický priemysel 
250 |a 1. vyd. 
260 |a Bratislava  |b Alfa  |c 1979 
300 |a 27 s.  |c 29 cm 
366 |e 160 výt. 
650 0 7 |a polygrafia  |2 SNKPH  |9 31181 
650 0 7 |a stredné školy  |2 SNKPH  |9 1279 
655 7 |a učebné osnovy  |2 SNKPH  |9 60479 
852 |a Slovenská národná knižnica 
958 |a OND 
958 |a TL 
999 |c 1050368  |d 1052298 
952 |t P60, <04>, [BOOK], {604}  |a SNK  |b SNK  |y VYP  |7 0  |p 17A0162194  |o snkSB 28879 D1  |i snkKSP 6558/79  |0 0  |1 0  |4 0  |d 1998-09-22  |l 0  |r 2004-12-31 00:00:00  |w 2026-02-24 
952 |a SNK  |b SNK  |y PREZ  |7 0  |p 17A0972628  |o snkSB 28879  |i snkKSP 6557/79  |0 0  |1 0  |4 0  |d 2012-07-30  |f 1  |l 0  |r 2026-02-24 14:55:28  |w 2026-02-24